Online Catalogue and eLibrary

Vaalvu oru valai panthaaddam (Record no. 4330)

MARC details
000 -LEADER
fixed length control field 00376nam a2200145Ia 4500
005 - DATE AND TIME OF LATEST TRANSACTION
control field 20250322143029.0
008 - FIXED-LENGTH DATA ELEMENTS--GENERAL INFORMATION
fixed length control field 240331s9999 xx 000 0 und d
082 ## - DDC Classification
Item Number - Author Mark MAH
Class No. 894
100 ## - MAIN ENTRY--PERSONAL NAME
Personal name Mahendran, K
245 #0 - TITLE STATEMENT
Title Vaalvu oru valai panthaaddam
260 ## - PUBLICATION, DISTRIBUTION, ETC.
Place of publication, distribution, etc. Thellipalai
Name of publisher, distributor, etc. Kalai ilakkiyakalam
Date of publication, distribution, etc. 1997
300 ## - PHYSICAL DESCRIPTION
Extent (e.g. Volumes, Pages etc.) viii,
500 ## - GENERAL NOTE
General note A collection of short stories
942 ## - Koha item type (Biblio)
Koha item type Books in Stacks (Lending)
Holdings
Lost status Damaged status Collection code Home library Current library Shelving location Date acquired Full call number Accession Number Item type
    Lending WERC Library WERC Library Social Science Cupboard 03/31/2024 894.811 MAH 4486 Books in Stacks (Lending)

© WERC Library